[Event "BL 1516 SV Griesheim - OSG Baden Baden"]
[Site "?"]
[Date "2015.09.20"]
[Round "2.3"]
[White "Vallejo Pons, Francisco"]
[Black "Krassowizkij, Jaroslaw"]
[Result "1/2-1/2"]
[WhiteElo "2689"]
[BlackElo "2429"]
[PlyCount "64"]
[EventDate "2015.??.??"]

1. c4 e6 2. Nf3 d5 3. d4 Nf6 4. g3 c5 5. cxd5 exd5 6. Bg2 Nc6 7. O-O Be7 8. Nc3
O-O 9. Bg5 c4 10. Ne5 Be6 11. e3 h6 12. Bxf6 Bxf6 13. f4 Bxe5 14. dxe5 Qb6 15.
Qd2 d4 16. exd4 Rad8 17. Qf2 Rxd4 18. f5 Bc8 19. Bxc6 bxc6 20. Na4 Qd8 21. Rae1
c5 22. Nxc5 Qd5 23. b4 cxb3 24. Nxb3 Ra4 25. h3 Ba6 26. Rd1 Qxe5 27. Rfe1 Re4
28. Nc5 Rxe1+ 29. Rxe1 Qd6 30. f6 Bc8 31. fxg7 Kxg7 32. Kh2 Rd8 1/2-1/2

[Event "BL 1516 SV Griesheim - OSG Baden Baden"]
[Site "?"]
[Date "2015.09.20"]
[Round "2.4"]
[White "Chabanon, Jean-Luc"]
[Black "Naiditsch, Arkadij"]
[Result "1-0"]
[WhiteElo "2472"]
[BlackElo "2684"]
[PlyCount "71"]
[EventDate "2015.??.??"]

1. d4 Nf6 2. c4 e6 3. Nf3 b6 4. Nc3 Bb4 5. e3 Bb7 6. Bd3 O-O 7. O-O c5 8. Na4
cxd4 9. a3 Be7 10. exd4 Re8 11. b4 a5 12. b5 d6 13. Nd2 Nbd7 14. Nb3 Be4 15.
Be2 Rc8 16. Be3 Nd5 17. Bd2 Bf6 18. Rc1 Ne7 19. c5 dxc5 20. dxc5 Nxc5 21. Naxc5
bxc5 22. Bxa5 Qxd1 23. Rfxd1 Bb2 24. Rxc5 Bc2 25. Rxc8 Rxc8 26. Rd8+ Rxd8 27.
Bxd8 Nd5 28. Na5 Bxa3 29. b6 Bd6 30. Bc4 Kf8 31. Bxd5 exd5 32. Bc7 Ke7 33. Nc6+
Kd7 34. Nb8+ Ke6 35. Bxd6 Kxd6 36. Na6 1-0

[Event "BL 1516 SV Griesheim - OSG Baden Baden"]
[Site "?"]
[Date "2015.09.20"]
[Round "2.5"]
[White "Nielsen, Peter Heine"]
[Black "Izsak, Gyula"]
[Result "1-0"]
[WhiteElo "2655"]
[BlackElo "2443"]
[PlyCount "121"]
[EventDate "2015.??.??"]

1. d4 d5 2. c4 e6 3. Nf3 Nf6 4. g3 Bb4+ 5. Bd2 Be7 6. Bg2 Nbd7 7. O-O c6 8. Qc2
O-O 9. Rd1 Ne4 10. Bf4 f5 11. Nc3 Nxc3 12. Qxc3 Nf6 13. Ne5 Ne4 14. Qc2 Bg5 15.
Bxe4 Bxf4 16. Bxf5 Rxf5 17. gxf4 Rxf4 18. e3 Rf6 19. Kh1 Bd7 20. Rg1 Be8 21.
Rg3 dxc4 22. Rag1 Bg6 23. Qxc4 Qd5+ 24. f3 Rc8 25. b4 Rc7 26. Rc1 Re7 27. a4
Bh5 28. Kg2 Be8 29. e4 Qd8 30. Kf2 Bg6 31. Ke3 a6 32. Rcg1 Qf8 33. Ng4 Rff7 34.
Qc5 Kh8 35. a5 Rf5 36. Ne5 Rf6 37. Rxg6 hxg6 38. Nxg6+ Rxg6 39. Rxg6 Kg8 40.
Rg4 Qf7 41. Qe5 Rd7 42. Rh4 Qf6 43. Rh5 Qe7 44. Qc5 Qf6 45. f4 Qf7 46. Re5 Qf6
47. Rg5 Qh6 48. Rh5 Qf6 49. h4 Qf7 50. Re5 Qf6 51. Rg5 Qf7 52. Qc4 Kh7 53. h5
Qf6 54. e5 Qe7 55. Qc5 Qd8 56. Qc2+ Kh8 57. Qg6 Qf8 58. Qxe6 Rxd4 59. Kxd4
Qxb4+ 60. Qc4 Qd2+ 61. Ke4 1-0

[Event "BL 1516 SV Griesheim - OSG Baden Baden"]
[Site "?"]
[Date "2015.09.20"]
[Round "2.6"]
[White "Faragó, Ivßn"]
[Black "Meier, Georg"]
[Result "1/2-1/2"]
[WhiteElo "2402"]
[BlackElo "2656"]
[PlyCount "121"]
[EventDate "2015.??.??"]

1. d4 Nf6 2. c4 e6 3. Nf3 d5 4. Nc3 dxc4 5. e4 Bb4 6. Bg5 h6 7. Bxf6 Qxf6 8.
Bxc4 c5 9. e5 Qd8 10. O-O cxd4 11. Bb5+ Bd7 12. Qxd4 Bxc3 13. Bxd7+ Nxd7 14.
Qxc3 Nb6 15. Qc5 Qe7 16. Qb5+ Qd7 17. Nd4 O-O-O 18. Qc5+ Kb8 19. Nb5 Nc8 20. h3
a6 21. Nc3 Qe7 22. Qe3 Qb4 23. a3 Qb3 24. Qf3 Rd7 25. Rad1 Rhd8 26. Rxd7 Rxd7
27. Qe2 Nb6 28. Ne4 Na4 29. Nd6 Qxb2 30. Qg4 Qxe5 31. Nxf7 Rxf7 32. Qxa4 Ka7
33. Qb3 Qd6 34. Qe3+ Qb6 35. Qe2 Rf5 36. Re1 Ra5 37. Qd3 e5 38. Re4 Rb5 39. Qg3
g5 40. Rxe5 Rb3 41. Re3 Rxe3 42. fxe3 Qc5 43. a4 a5 44. Qe1 Qb4 45. Qd1 Kb6 46.
Kf2 Kc5 47. Qd7 Kc4 48. e4 Qc5+ 49. Kf3 b5 50. axb5 Qxb5 51. Qe6+ Kc3 52. Qf6+
Kc2 53. Qf5 Qd3+ 54. Kg4 Qe2+ 55. Qf3 Qxf3+ 56. gxf3 a4 57. e5 a3 58. e6 a2 59.
e7 a1=Q 60. e8=Q Qf6 61. Qe4+ 1/2-1/2

[Event "BL 1516 SV Griesheim - OSG Baden Baden"]
[Site "?"]
[Date "2015.09.20"]
[Round "2.7"]
[White "Gustafsson, Jan"]
[Black "Baskin, Robert"]
[Result "1/2-1/2"]
[WhiteElo "2634"]
[BlackElo "2329"]
[PlyCount "90"]
[EventDate "2015.??.??"]

1. Nf3 Nf6 2. c4 c5 3. Nc3 d5 4. cxd5 Nxd5 5. e3 Nxc3 6. bxc3 g6 7. Bb5+ Nd7 8.
O-O Bg7 9. d4 O-O 10. a4 b6 11. a5 bxa5 12. Qa4 Nb6 13. Qxa5 cxd4 14. cxd4 Bb7
15. Be2 Qc7 16. Bd2 Rfc8 17. Rfc1 Qd8 18. h3 e6 19. Rxc8 Rxc8 20. Bb4 Bf8 21.
Bxf8 Qxf8 22. Ne5 Qe7 23. Bf1 Nd7 24. Qb5 Nxe5 25. Rxa7 Nf3+ 26. gxf3 Rc7 27.
f4 Bc8 28. Rxc7 Qxc7 29. Bg2 h6 30. h4 h5 31. Kh2 Kh7 32. Be4 Kg8 33. Qe5 Qe7
34. Kg3 Qd8 35. Bf3 Qf8 36. Qf6 Qg7 37. Qd8+ Qf8 38. Qg5 Qg7 39. Be4 Qf8 40.
Qe5 Qg7 41. Qc7 Qf8 42. Bc6 Ba6 43. Qa7 Qc8 44. Bf3 Bf1 45. Qe7 e5 1/2-1/2

[Event "BL 1516 SV Griesheim - OSG Baden Baden"]
[Site "?"]
[Date "2015.09.20"]
[Round "2.8"]
[White "Walter, Stefan"]
[Black "Schlosser, Philipp"]
[Result "0-1"]
[WhiteElo "2402"]
[BlackElo "2568"]
[PlyCount "92"]
[EventDate "2015.??.??"]

1. d4 d6 2. c4 e5 3. d5 g6 4. Nc3 f5 5. e4 Nf6 6. exf5 gxf5 7. Be2 Qe7 8. f4 e4
9. Nh3 Bg7 10. Be3 c5 11. Bh5+ Kf8 12. Nf2 Nxh5 13. Qxh5 Bxc3+ 14. bxc3 Qf6 15.
Nd1 Nd7 16. Bd2 Qg6 17. Qe2 Nf6 18. Ne3 h5 19. Kd1 Bd7 20. Be1 h4 21. Kd2 Kf7
22. Rb1 b6 23. Rb2 Rag8 24. Kc1 Qh6 25. Rf1 Ng4 26. h3 Nxe3 27. Qxe3 Ba4 28.
Rg1 Rg6 29. Re2 Rhg8 30. Kb2 a6 31. Ka3 b5 32. Qc1 Qh8 33. Kb2 Qh5 34. Qd2 bxc4
35. Ka3 Bb5 36. Qe3 Qh8 37. Kb2 R8g7 38. Ka3 Rg3 39. Qc1 Rd3 40. Rf1 Rxd5 41.
Rd2 Rd3 42. Rxd3 cxd3 43. c4 Rxg2 44. cxb5 axb5 45. Rf2 Rg3 46. Rd2 Qd4 0-1

[Event "BL 1516 SG Solingen - Erfurter SK"]
[Site "?"]
[Date "2015.09.20"]
[Round "2.1"]
[White "Romanov, Evgeny"]
[Black "Rapport, Richard"]
[Result "1/2-1/2"]
[WhiteElo "2573"]
[BlackElo "2649"]
[PlyCount "85"]
[EventDate "2015.??.??"]

1. d4 f5 2. g3 Nf6 3. Bg2 g6 4. Nf3 Bg7 5. O-O O-O 6. c4 Nc6 7. d5 Na5 8. Qc2
c6 9. Rd1 cxd5 10. cxd5 b6 11. b4 Nb7 12. Nd4 Nd6 13. Qb3 Nfe4 14. Bb2 Ba6 15.
b5 Bc8 16. Nd2 Qe8 17. Nxe4 fxe4 18. f3 exf3 19. exf3 g5 20. Ne2 Qg6 21. f4 Bb7
22. fxg5 Bxb2 23. Qxb2 Qxg5 24. Nf4 Rac8 25. Rac1 Qf6 26. Qe2 Rxc1 27. Rxc1 Kh8
28. Rf1 Nf5 29. Kh1 Qh6 30. Nh5 Kg8 31. Rf4 Ng7 32. Rxf8+ Kxf8 33. Nf4 Qf6 34.
h3 e5 35. dxe6 Bxg2+ 36. Qxg2 Nxe6 37. Qa8+ Kf7 38. Qxa7 Qd4 39. Nxe6 Qe4+ 40.
Kg1 Qe3+ 41. Kg2 Qe2+ 42. Kg1 Qe3+ 43. Kg2 1/2-1/2

[Event "BL 1516 SG Solingen - Erfurter SK"]
[Site "?"]
[Date "2015.09.20"]
[Round "2.2"]
[White "Ragger, Markus"]
[Black "Vovk, Andrey"]
[Result "1/2-1/2"]
[WhiteElo "2695"]
[BlackElo "2611"]
[PlyCount "47"]
[EventDate "2015.??.??"]

1. d4 f5 2. g3 Nf6 3. Bg2 g6 4. Nf3 Bg7 5. O-O O-O 6. c4 d6 7. Nc3 c6 8. b3 Na6
9. Bb2 Qc7 10. Rc1 Bd7 11. Qd2 Rad8 12. Rfd1 Qb8 13. d5 Nc5 14. b4 Nce4 15.
Nxe4 Nxe4 16. Qc2 Bxb2 17. Qxb2 cxd5 18. Rxd5 Be6 19. Rd4 Bf7 20. h4 h6 21. c5
dxc5 22. bxc5 Qc7 23. Ra4 Rd5 24. Rxa7 1/2-1/2

[Event "BL 1516 SG Solingen - Erfurter SK"]
[Site "?"]
[Date "2015.09.20"]
[Round "2.3"]
[White "Mihok, Oliver"]
[Black "L'Ami, Erwin"]
[Result "0-1"]
[WhiteElo "2515"]
[BlackElo "2614"]
[PlyCount "54"]
[EventDate "2015.??.??"]

1. e4 e5 2. Nf3 Nc6 3. Nc3 Nf6 4. Be2 d5 5. exd5 Nxd5 6. O-O Nxc3 7. bxc3 Bd6
8. d4 O-O 9. Rb1 h6 10. Re1 Qf6 11. h3 e4 12. Nd2 Qh4 13. Bf1 f5 14. Nc4 b6 15.
Nxd6 cxd6 16. Ba3 Qe7 17. f3 Bb7 18. c4 Rae8 19. Rb3 Na5 20. Rc3 Qf6 21. fxe4
Rxe4 22. Rce3 Rxe3 23. Rxe3 f4 24. Re1 f3 25. gxf3 Qg5+ 26. Kh2 Qf4+ 27. Kg1
Bxf3 0-1

[Event "BL 1516 SG Solingen - Erfurter SK"]
[Site "?"]
[Date "2015.09.20"]
[Round "2.4"]
[White "Van Kampen, Robin"]
[Black "Kuczynski, Robert"]
[Result "1/2-1/2"]
[WhiteElo "2615"]
[BlackElo "2487"]
[PlyCount "81"]
[EventDate "2015.??.??"]

1. e4 c5 2. Nf3 d6 3. d4 cxd4 4. Nxd4 Nf6 5. Nc3 a6 6. h3 g6 7. g4 Bg7 8. Bg2
O-O 9. Be3 Nc6 10. Qd2 Bd7 11. O-O-O Rc8 12. Nxc6 Bxc6 13. Bd4 b5 14. Nd5 Bxd5
15. exd5 Rc4 16. Kb1 Qc7 17. c3 Qb7 18. g5 Nh5 19. Bf1 Ra4 20. Bxg7 Nxg7 21.
Be2 e5 22. dxe6 Nxe6 23. h4 Qg2 24. Qe3 Re4 25. Bf3 Rxe3 26. Bxg2 Re2 27. Rhf1
Rd8 28. Rde1 Rxe1+ 29. Rxe1 Kg7 30. b4 d5 31. Rd1 Nc7 32. Kc2 h6 33. Kd3 hxg5
34. hxg5 Re8 35. Kd2 Rd8 36. Kc2 Kf8 37. Kd3 Ke7 38. f4 Kd6 39. Rf1 Rh8 40. Rh1
Re8 41. Rf1 1/2-1/2

[Event "BL 1516 SG Solingen - Erfurter SK"]
[Site "?"]
[Date "2015.09.20"]
[Round "2.5"]
[White "Braeuer, Franz"]
[Black "Smeets, Jan"]
[Result "1/2-1/2"]
[WhiteElo "2413"]
[BlackElo "2617"]
[PlyCount "120"]
[EventDate "2015.??.??"]

1. e4 e5 2. Nf3 Nc6 3. Bb5 a6 4. Ba4 Nf6 5. O-O b5 6. Bb3 Be7 7. Re1 O-O 8. d3
d6 9. c3 Na5 10. Bc2 c5 11. Nbd2 Nc6 12. Nf1 Re8 13. h3 Bf8 14. Bg5 h6 15. Bh4
g6 16. Ne3 Bg7 17. Bb3 Rb8 18. Nh2 Na5 19. Bc2 Qd7 20. a3 Nc6 21. Qf3 Nh7 22.
Bb3 Rf8 23. Nd5 g5 24. Bg3 Kh8 25. Ne3 Ne7 26. Qh5 Qe8 27. h4 f5 28. Qxe8 Rxe8
29. exf5 Nxf5 30. Nxf5 Bxf5 31. Rad1 g4 32. Nf1 Nf6 33. Ne3 Bg6 34. d4 exd4 35.
cxd4 Ne4 36. dxc5 Nxg3 37. Rxd6 Bh7 38. fxg3 Bxb2 39. c6 Bxa3 40. Re6 Bg8 41.
Rxh6+ Bh7 42. Bc2 Re7 43. Kh2 Kg8 44. Rxh7 Rxh7 45. Bxh7+ Kxh7 46. Ra1 b4 47.
Nc4 Rc8 48. Nxa3 bxa3 49. Rxa3 Rxc6 50. Ra4 Rg6 51. Kg1 Kh6 52. Kf2 Kh5 53.
Ra5+ Kh6 54. Ke3 Re6+ 55. Kf4 Rg6 56. Rc5 Rg8 57. Rc6+ Kh5 58. Rxa6 Rf8+ 59.
Ke3 Re8+ 60. Kf2 Re2+ 1/2-1/2

[Event "BL 1516 SG Solingen - Erfurter SK"]
[Site "?"]
[Date "2015.09.20"]
[Round "2.6"]
[White "Nikolic, Predrag"]
[Black "Enders, Peter"]
[Result "1-0"]
[WhiteElo "2606"]
[BlackElo "2460"]
[PlyCount "115"]
[EventDate "2015.??.??"]

1. Nf3 Nf6 2. c4 e6 3. g3 c5 4. Bg2 Be7 5. O-O O-O 6. d4 cxd4 7. Nxd4 d6 8. Nc3
a6 9. b3 Ra7 10. a4 b6 11. e4 Rc7 12. Be3 Nbd7 13. g4 h6 14. f4 Qe8 15. Ra2 Nc5
16. g5 hxg5 17. fxg5 Nh7 18. h4 f6 19. Bh3 fxg5 20. b4 Rxf1+ 21. Qxf1 Bf6 22.
bxc5 bxc5 23. Nde2 gxh4 24. Qg2 Rb7 25. Bf4 Rb3 26. e5 dxe5 27. Bd2 Bb7 28. Qg4
Nf8 29. Nc1 Rb6 30. Be3 Be7 31. Rf2 Kh7 32. a5 Rd6 33. Ne4 Bxe4 34. Qxe4+ Qg6+
35. Bg2 Rd1+ 36. Rf1 Rxf1+ 37. Kxf1 Qf5+ 38. Ke2 Ng6 39. Nd3 Bd8 40. Nxc5 Bxa5
41. Nd3 Bd8 42. c5 a5 43. c6 Kg8 44. Qc4 h3 45. Be4 Qf7 46. Nf2 Nf4+ 47. Bxf4
exf4 48. Qd3 Qe7 49. Qxh3 g5 50. Qh6 a4 51. Ng4 f3+ 52. Kf1 Qc7 53. Qxe6+ Kg7
54. Qh6+ Kf7 55. Bd5+ Ke7 56. Qf6+ Ke8 57. Qg6+ Kf8 58. Ne5 1-0

[Event "BL 1516 SG Solingen - Erfurter SK"]
[Site "?"]
[Date "2015.09.20"]
[Round "2.8"]
[White "Naumann, Alexander"]
[Black "Casper, Thomas"]
[Result "1-0"]
[WhiteElo "2543"]
[BlackElo "2383"]
[PlyCount "85"]
[EventDate "2015.??.??"]

1. d4 Nf6 2. c4 d6 3. Nf3 Nbd7 4. Nc3 e5 5. e4 g6 6. g3 Bg7 7. Bg2 O-O 8. O-O
c6 9. h3 Ne8 10. Re1 exd4 11. Nxd4 Qb6 12. Nb3 a5 13. Be3 Qb4 14. Nd4 Qxb2 15.
Na4 Qa3 16. Qc2 Nc5 17. Nb6 Rb8 18. Rab1 Nc7 19. Red1 N7e6 20. Bc1 Nxd4 21.
Rxd4 Qxc1+ 22. Qxc1 Bxd4 23. Qd2 Ne6 24. Kh2 Bc5 25. f4 Nd4 26. f5 Kg7 27. Na4
b6 28. f6+ Kh8 29. e5 Bf5 30. Rf1 dxe5 31. Nxc5 bxc5 32. Qxa5 Rb2 33. Qxc5 Re8
34. Kh1 Bd3 35. Re1 Be2 36. Qa3 Rd2 37. Qe7 Rg8 38. Qxf7 Bf3 39. Rg1 Bxg2+ 40.
Rxg2 Rd1+ 41. Rg1 Rd2 42. Rf1 e4 43. Qe7 1-0

[Event "BL 1516 SG Turm Trier - Schwäbisch Hal"]
[Site "?"]
[Date "2015.09.20"]
[Round "2.1"]
[White "Li, Chao"]
[Black "Erdos, Viktor"]
[Result "*"]
[WhiteElo "2756"]
[BlackElo "2616"]
[PlyCount "186"]
[EventDate "2015.??.??"]

1. d4 d5 2. c4 e6 3. Nf3 Nf6 4. g3 Bb4+ 5. Bd2 Bd6 6. Bg2 O-O 7. O-O c6 8. Bg5
Nbd7 9. Nbd2 h6 10. Bxf6 Nxf6 11. Qc2 b6 12. e4 Be7 13. e5 Nd7 14. cxd5 cxd5
15. Rfc1 Bb7 16. Qc7 Rb8 17. Bf1 a6 18. Bd3 Qe8 19. Re1 Qc8 20. Rac1 Rd8 21. h4
Kf8 22. a3 Qxc7 23. Rxc7 b5 24. b4 Nb6 25. Nb3 Rdc8 26. Rxc8+ Bxc8 27. Kf1 Nc4
28. Ra1 Bd8 29. Ke2 Ke7 30. Nfd2 Bd7 31. Nc5 a5 32. Ndb3 Ra8 33. f4 Bb6 34. h5
Be8 35. g4 f6 36. exf6+ gxf6 37. bxa5 Nxa5 38. Rb1 Nc6 39. Bxb5 Nxd4+ 40. Nxd4
Bxc5 41. Bxe8 Bxd4 42. Bc6 Rxa3 43. Rb7+ Kd6 44. Be8 Ra7 45. Rxa7 Bxa7 46. Bg6
Bd4 47. Kd3 Bb2 48. Ke3 Bc1+ 49. Kf3 e5 50. fxe5+ fxe5 51. Bb1 Kc5 52. Ba2 Kd4
53. Bb3 Bg5 54. Ba2 e4+ 55. Ke2 Ke5 56. Bb3 Be7 57. Ba2 d4 58. Bb1 Kf4 59. Bc2
Bb4 60. Bb1 Bc5 61. Bc2 Bb4 62. Bb1 d3+ 63. Bxd3 exd3+ 64. Kxd3 Kf3 65. Kc2 Ke4
66. Kb3 Ba5 67. Kc2 Kd4 68. Kd1 Kd3 69. Kc1 Bc3 70. Kb1 Kd2 71. Ka2 Kc2 72. Ka3
Bd2 73. Ka4 Kc3 74. Kb5 Kd4 75. Kc6 Be3 76. Kb5 Kc3 77. Ka4 Kc4 78. Ka3 Bc1+
79. Ka4 Bb2 80. Ka5 Bd4 81. Ka4 Bc5 82. Ka5 Ba7 83. Ka4 Bb6 84. Ka3 Bd4 85. Ka4
Bb2 86. Ka5 Ba3 87. Kb6 Bb4 88. Kc6 Bc5 89. Kb7 Kd5 90. Ka6 Kc4 91. Ka5 Bf2 92.
Ka4 Ba7 93. Ka3 Bd4 *

[Event "BL 1516 SG Turm Trier - Schwäbisch Hal"]
[Site "?"]
[Date "2015.09.20"]
[Round "2.2"]
[White "Parligras, Mircea-Emilian"]
[Black "Gharamian, Tigran"]
[Result "1/2-1/2"]
[WhiteElo "2584"]
[BlackElo "2660"]
[PlyCount "64"]
[EventDate "2015.??.??"]

1. d4 Nf6 2. c4 e6 3. Nf3 d5 4. Nc3 dxc4 5. e4 Bb4 6. Bxc4 Nxe4 7. O-O Nxc3 8.
bxc3 Be7 9. Ne5 O-O 10. Qg4 Nc6 11. Re1 f5 12. Qf3 Nxe5 13. Rxe5 Kh8 14. Re2
Bd6 15. Bf4 Bxf4 16. Qxf4 Qd6 17. Qxd6 cxd6 18. Bxe6 Re8 19. Rae1 Bxe6 20. Rxe6
Rxe6 21. Rxe6 Rc8 22. Rxd6 h6 23. Rd7 Rxc3 24. Kf1 Ra3 25. Rxb7 Rxa2 26. Ke1
Kh7 27. d5 Ra5 28. d6 Re5+ 29. Kf1 Rd5 30. d7 a5 31. Ra7 a4 32. Rxa4 Rxd7
1/2-1/2

[Event "BL 1516 SG Turm Trier - Schwäbisch Hal"]
[Site "?"]
[Date "2015.09.20"]
[Round "2.3"]
[White "Postny, Evgeny"]
[Black "Graf, Felix"]
[Result "1-0"]
[WhiteElo "2653"]
[BlackElo "2479"]
[PlyCount "59"]
[EventDate "2015.??.??"]

1. d4 d5 2. c4 c6 3. Nf3 Nf6 4. Nc3 dxc4 5. a4 Bf5 6. Ne5 Nbd7 7. Nxc4 Nb6 8.
Ne5 a5 9. f3 Nfd7 10. Nxd7 Nxd7 11. e4 Bg6 12. Be3 Qb6 13. Qd3 e5 14. O-O-O
O-O-O 15. g3 Bb4 16. Bh3 Kb8 17. Kb1 Nc5 18. Qc2 Ne6 19. Bxe6 fxe6 20. Ne2 Rhf8
21. Rhf1 Ka8 22. Bg1 Qc7 23. dxe5 Qxe5 24. Nf4 c5 25. Nd3 Qh5 26. g4 Qh3 27.
Ne5 Rd2 28. Rxd2 Qxf1+ 29. Rd1 Qa6 30. Bxc5 1-0

[Event "BL 1516 SG Turm Trier - Schwäbisch Hal"]
[Site "?"]
[Date "2015.09.20"]
[Round "2.4"]
[White "Jaracz, Pawel"]
[Black "Cornette, Matthieu"]
[Result "0-1"]
[WhiteElo "2503"]
[BlackElo "2591"]
[PlyCount "66"]
[EventDate "2015.??.??"]

1. d4 Nf6 2. c4 e6 3. Nf3 b6 4. a3 Ba6 5. Qc2 Bb7 6. Nc3 c5 7. dxc5 bxc5 8. Bf4
Nh5 9. Bg5 Be7 10. Bxe7 Qxe7 11. e3 O-O 12. Be2 Nf6 13. O-O Nc6 14. Rfd1 Rfd8
15. Rd2 a6 16. Rad1 h6 17. h3 Rab8 18. Qa4 Kh8 19. Nh2 g5 20. Bf3 h5 21. g3 g4
22. hxg4 hxg4 23. Bg2 Kg7 24. Qc2 Ne5 25. Bxb7 Rxb7 26. Ne4 Rh8 27. Nxf6 Qxf6
28. Qe4 Rxh2 29. Kxh2 Qh6+ 30. Kg1 Nf3+ 31. Kf1 Qh1+ 32. Ke2 Ng1+ 33. Kd3 Rb3+
0-1

[Event "BL 1516 SG Turm Trier - Schwäbisch Hal"]
[Site "?"]
[Date "2015.09.20"]
[Round "2.5"]
[White "Michalik, Peter"]
[Black "Cyborowski, Lukasz"]
[Result "1-0"]
[WhiteElo "2570"]
[BlackElo "2530"]
[PlyCount "95"]
[EventDate "2015.??.??"]

1. Nf3 Nf6 2. c4 e6 3. g3 d5 4. Bg2 d4 5. O-O c5 6. d3 Nc6 7. e3 Be7 8. exd4
cxd4 9. Re1 O-O 10. Na3 Nd7 11. Nc2 e5 12. b4 a6 13. Bd2 Bf6 14. h4 Re8 15. Ng5
Nf8 16. Bd5 Bxg5 17. hxg5 Ng6 18. Qf3 Be6 19. Be4 Qd7 20. a4 Bg4 21. Qg2 Bh3
22. Qh1 Bf5 23. b5 Bxe4 24. Qxe4 Nce7 25. Reb1 a5 26. b6 f5 27. gxf6 gxf6 28.
Rb5 f5 29. Qf3 Nc6 30. Re1 e4 31. dxe4 Nge5 32. Qh5 Qf7 33. Qxf7+ Kxf7 34. Kg2
d3 35. Ne3 fxe4 36. Rh1 Kg6 37. Rh4 h5 38. Rxe4 Ng4 39. Rxe8 Rxe8 40. Rd5 Nce5
41. c5 Nf6 42. Rd6 Kf7 43. f4 Ned7 44. c6 bxc6 45. Rxc6 Re4 46. b7 Rxa4 47. Nc4
Ra1 48. Rxf6+ 1-0

[Event "BL 1516 SG Turm Trier - Schwäbisch Hal"]
[Site "?"]
[Date "2015.09.20"]
[Round "2.6"]
[White "Bobras, Piotr"]
[Black "Bai, Jinshi"]
[Result "1-0"]
[WhiteElo "2531"]
[BlackElo "2519"]
[PlyCount "169"]
[EventDate "2015.??.??"]

1. e4 c5 2. Nf3 e6 3. d4 cxd4 4. Nxd4 Nc6 5. Nc3 a6 6. Nxc6 bxc6 7. Bd3 d5 8.
O-O Nf6 9. Qf3 Be7 10. Qg3 O-O 11. Bh6 Ne8 12. Bf4 Bh4 13. Qf3 Bg5 14. Na4 Bxf4
15. Qxf4 Qc7 16. e5 Nf6 17. Rfe1 Nd7 18. c4 a5 19. cxd5 cxd5 20. Rac1 Qb8 21.
Rc6 Ra7 22. Qe3 Rc7 23. Rxc7 Qxc7 24. f4 Ba6 25. Bxa6 Qc6 26. Qe2 Qxa4 27. Bb5
Qd4+ 28. Qf2 Qxf2+ 29. Kxf2 Nb6 30. Rc1 Rb8 31. b3 d4 32. Rc5 Kf8 33. Bc4 Nxc4
34. Rxc4 g5 35. Rxd4 gxf4 36. Kf3 Rb5 37. Kxf4 f6 38. Re4 Kf7 39. g4 h6 40. h4
Rd5 41. exf6 Kxf6 42. Rc4 Rd2 43. Ra4 Rd5 44. Rc4 Rd2 45. Ra4 Rd5 46. Ke3 Rb5
47. Rf4+ Ke7 48. Kd3 Kd6 49. Rd4+ Ke5 50. Re4+ Kd6 51. Kc3 Kd5 52. Ra4 Kd6 53.
a3 Re5 54. Rd4+ Kc6 55. Rd3 Re4 56. Rg3 Kd7 57. g5 Ke7 58. g6 Kf8 59. g7+ Kg8
60. h5 Rh4 61. b4 axb4+ 62. axb4 Rxh5 63. Kc4 Rh1 64. b5 Rc1+ 65. Kb4 Rb1+ 66.
Rb3 Rd1 67. b6 Kxg7 68. b7 Rd8 69. Kc5 Rb8 70. Kc6 Kf6 71. Kc7 Rxb7+ 72. Rxb7
Kf5 73. Kd6 h5 74. Rf7+ Kg4 75. Rg7+ Kf4 76. Rh7 Kg4 77. Ke5 h4 78. Ke4 Kg3 79.
Rg7+ Kf2 80. Rh7 Kg3 81. Ke3 h3 82. Rg7+ Kh2 83. Kf2 Kh1 84. Rg3 h2 85. Re3 1-0

[Event "BL 1516 SG Turm Trier - Schwäbisch Hal"]
[Site "?"]
[Date "2015.09.20"]
[Round "2.7"]
[White "Wirig, Anthony"]
[Black "Haslinger, Stewart G"]
[Result "1-0"]
[WhiteElo "2500"]
[BlackElo "2515"]
[PlyCount "99"]
[EventDate "2015.??.??"]

1. e4 e5 2. Nf3 Nc6 3. Bc4 Bc5 4. c3 Nf6 5. d3 a6 6. Bb3 Ba7 7. Qe2 d6 8. Be3
Bxe3 9. fxe3 O-O 10. O-O Na5 11. Nbd2 Nxb3 12. axb3 c5 13. h3 Re8 14. Qf2 Be6
15. d4 cxd4 16. exd4 exd4 17. Nxd4 Qb6 18. Rae1 Nd7 19. Re3 Ne5 20. Rg3 g6 21.
Kh2 a5 22. Qf4 Qd8 23. N2f3 Nxf3+ 24. Rfxf3 Qe7 25. Nf5 Bxf5 26. exf5 Qe5 27.
fxg6 fxg6 28. Qf7+ Kh8 29. Qxb7 Rab8 30. Qc7 Rec8 31. Qd7 Rd8 32. Qg4 Re8 33.
c4 a4 34. bxa4 Kg8 35. b3 Qa1 36. Qd7 Re1 37. Qf7+ Kh8 38. Qf6+ Qxf6 39. Rxf6
Rb1 40. Rxd6 R1xb3 41. Rxb3 Rxb3 42. c5 Kg7 43. c6 Rc3 44. Rd7+ Kf6 45. c7 h5
46. a5 Ke6 47. Rg7 Kd6 48. a6 Rxc7 49. Rxc7 Kxc7 50. Kg3 1-0

[Event "BL 1516 SG Turm Trier - Schwäbisch Hal"]
[Site "?"]
[Date "2015.09.20"]
[Round "2.8"]
[White "Gonda, Laszlo"]
[Black "Zeller, Frank"]
[Result "1-0"]
[WhiteElo "2547"]
[BlackElo "2440"]
[PlyCount "53"]
[EventDate "2015.??.??"]

1. Nf3 Nf6 2. c4 e6 3. g3 b6 4. Bg2 Bb7 5. d4 c5 6. d5 exd5 7. Ng5 h6 8. Nh3
Nc6 9. cxd5 Ne5 10. f4 Ng6 11. e4 d6 12. Nc3 Be7 13. O-O O-O 14. Re1 Nd7 15. e5
a6 16. a4 Rb8 17. e6 Nf6 18. Qc2 Nh8 19. f5 fxe6 20. dxe6 Bxg2 21. Qxg2 Qe8 22.
g4 d5 23. Bf4 Rd8 24. Be5 d4 25. Bxf6 gxf6 26. Nd5 Kh7 27. Nc7 1-0

[Event "BL 1516 Hamburger SK - SV Mülheim Nord"]
[Site "?"]
[Date "2015.09.20"]
[Round "2.1"]
[White "Tregubov, Pavel V"]
[Black "Bauer, Christian"]
[Result "1/2-1/2"]
[WhiteElo "2597"]
[BlackElo "2625"]
[PlyCount "40"]
[EventDate "2015.??.??"]

1. d4 Nf6 2. Nf3 b6 3. Bg5 e6 4. e4 h6 5. Bxf6 Qxf6 6. Bd3 Bb7 7. Nbd2 d6 8.
Qe2 g6 9. a4 a6 10. O-O Bg7 11. c3 O-O 12. b4 Nc6 13. Nc4 a5 14. b5 Nb8 15.
Rfe1 Nd7 16. Ne3 Rfe8 17. Rad1 Rad8 18. h3 Qe7 19. Qc2 Qf8 20. Nh2 Nf6 1/2-1/2

[Event "BL 1516 Hamburger SK - SV Mülheim Nord"]
[Site "?"]
[Date "2015.09.20"]
[Round "2.2"]
[White "Kempinski, Robert"]
[Black "Fridman, Daniel"]
[Result "0-1"]
[WhiteElo "2637"]
[BlackElo "2642"]
[PlyCount "106"]
[EventDate "2015.??.??"]

1. d4 d5 2. Nf3 Nf6 3. e3 e6 4. Bd3 c5 5. b3 Nc6 6. O-O Qc7 7. a3 Bd6 8. Bb2 e5
9. dxe5 Nxe5 10. Bb5+ Ke7 11. Nbd2 Rd8 12. Nxe5 Bxe5 13. Bxe5 Qxe5 14. Nf3 Qc3
15. Bd3 Bg4 16. h3 Bh5 17. Qd2 Qxd2 18. Nxd2 Bg6 19. Bxg6 hxg6 20. Rfd1 Rd6 21.
Kf1 Rad8 22. a4 b6 23. Ke2 Re6 24. c3 d4 25. cxd4 cxd4 26. Nf3 dxe3 27. fxe3
Nd5 28. Kf2 Rxe3 29. Rxd5 Rxf3+ 30. Kxf3 Rxd5 31. Ke3 Kd6 32. b4 Re5+ 33. Kd3
f5 34. Rc1 f4 35. Rc8 Re3+ 36. Kd4 Ra3 37. Kc4 Rxa4 38. Kb5 Ra3 39. Rg8 Ke6 40.
Rxg7 Kf6 41. Rd7 g5 42. Kc4 Ra2 43. Rd6+ Kf5 44. Rd5+ Kg6 45. Rd7 Rxg2 46. Rxa7
Rd2 47. Ra8 Rd6 48. Rf8 Rf6 49. Rg8+ Kh6 50. Rh8+ Kg7 51. Ra8 f3 52. Ra1 f2 53.
Rf1 Kg6 0-1

[Event "BL 1516 Hamburger SK - SV Mülheim Nord"]
[Site "?"]
[Date "2015.09.20"]
[Round "2.3"]
[White "Landa, Konstantin"]
[Black "Svane, Rasmus"]
[Result "1/2-1/2"]
[WhiteElo "2626"]
[BlackElo "2542"]
[PlyCount "92"]
[EventDate "2015.??.??"]

1. e4 e6 2. d4 d5 3. Nc3 Nf6 4. Bg5 dxe4 5. Nxe4 Be7 6. Bxf6 gxf6 7. Qd2 a6 8.
g3 Nc6 9. Ne2 e5 10. d5 Nd4 11. Bg2 Bh3 12. O-O Bxg2 13. Kxg2 Qxd5 14. f3 O-O-O
15. c3 Nxe2 16. Qxe2 h5 17. Rfd1 Qe6 18. Rxd8+ Rxd8 19. b3 h4 20. Rd1 Rg8 21.
Qc4 Qxc4 22. bxc4 f5 23. Nf2 hxg3 24. hxg3 Bh4 25. Ng4 Bxg3 26. Nh6 Rg6 27.
Nxf5 Bh4+ 28. Kf1 Bf6 29. Kf2 Rg5 30. Ng3 Be7 31. Ne4 Rg6 32. Rd5 f5 33. Nd2
Rd6 34. Ke2 Rxd5 35. cxd5 Bg5 36. Nc4 Bf4 37. Na5 c6 38. d6 c5 39. Kd3 b5 40.
c4 Kd7 41. Nb7 e4+ 42. fxe4 fxe4+ 43. Kxe4 Bxd6 44. Kd5 Bf8 45. cxb5 axb5 46.
Nxc5+ Bxc5 1/2-1/2

[Event "BL 1516 Hamburger SK - SV Mülheim Nord"]
[Site "?"]
[Date "2015.09.20"]
[Round "2.4"]
[White "Ernst, Sipke"]
[Black "Ducarmon, Quinten"]
[Result "1/2-1/2"]
[WhiteElo "2540"]
[BlackElo "2474"]
[PlyCount "61"]
[EventDate "2015.??.??"]

1. Nf3 Nf6 2. g3 b6 3. Bg2 Bb7 4. c4 c5 5. Nc3 g6 6. b3 Bg7 7. Bb2 O-O 8. O-O
d5 9. Nxd5 Nxd5 10. Bxg7 Kxg7 11. cxd5 Qxd5 12. d4 cxd4 13. Qxd4+ Qxd4 14. Nxd4
Bxg2 15. Kxg2 Rc8 16. Rac1 Nd7 17. Rfd1 Nc5 18. f4 a5 19. Kf3 f5 20. Ke3 Kf6
21. Rc4 Rd8 22. Rcc1 Rac8 23. Nf3 Rxd1 24. Rxd1 Ne4 25. Ne5 Rc2 26. Rd8 Rxa2
27. Rb8 a4 28. Rxb6+ Nd6 29. bxa4 Rxa4 30. Kf3 Ra3+ 31. Nd3 1/2-1/2